MODELOVÝ VÝZKUM KLENBOVÉ HRÁZE VRCHLICE

Bibliographic Details
Main Author: Kounovský, Bohumil (Author)
Format: Article
Language:Czech

MARC

LEADER 00000nab a2200000uu 4500
001 vtls010895338
003 SK-MaSNL
005 20260303141739.0
008 230222|1971 xo |||||||||||||||||cze|
015 |a SNBRB 
035 |a (urnnbn)urn:nbn:sk:snk:ar-006iap 
035 |a (uuid)393bd468-7438-4152-85e5-73ae2be223cd 
035 |a urn:nbn:sk:snk-ab8o9a 
040 |a SNKBUCL  |b slo  |c SNKBUCL  |e AACR2 
041 0 |a cze 
044 |a xo  |c SK 
100 1 |a Kounovský, Bohumil  |4 aut  |9 1161562 
245 1 0 |a MODELOVÝ VÝZKUM KLENBOVÉ HRÁZE VRCHLICE  |c Bohumil Kounovský 
773 0 |t Stavebnícky časopis : mesačník pre teoretické problémy stavebných látok a konštrukcií  |g Roč. 19, č. 3-4 (1971), s. 197-208 
958 |a OND 
958 |a EUIPO 
958 |a article10 
999 |c 1978429  |d 1980359